Human physiology / (Record no. 41837)
[ view plain ]
| 000 -LEADER | |
|---|---|
| fixed length control field | 00641cam a2200241 a 4500 |
| 001 - CONTROL NUMBER | |
| control field | 16142971 |
| 005 - DATE AND TIME OF LATEST TRANSACTION | |
| control field | 20180205094729.0 |
| 008 - FIXED-LENGTH DATA ELEMENTS--GENERAL INFORMATION | |
| fixed length control field | 100318s2011 nyua 001 0 eng |
| 010 ## - LIBRARY OF CONGRESS CONTROL NUMBER | |
| LC control number | 2010010420 |
| 020 ## - INTERNATIONAL STANDARD BOOK NUMBER | |
| International Standard Book Number | 9780073378114 (hard copy : alk. paper) |
| 020 ## - INTERNATIONAL STANDARD BOOK NUMBER | |
| International Standard Book Number | 0073378119 (hard copy : alk. paper) |
| 040 ## - CATALOGING SOURCE | |
| Original cataloging agency | DLC |
| Transcribing agency | DLC |
| Modifying agency | DLC |
| 041 ## - LANGUAGE CODE | |
| Language code of text/sound track or separate title | eng |
| 042 ## - AUTHENTICATION CODE | |
| Authentication code | pcc |
| 080 ## - UNIVERSAL DECIMAL CLASSIFICATION NUMBER | |
| Universal Decimal Classification number | 612 |
| 082 00 - DEWEY DECIMAL CLASSIFICATION NUMBER | |
| Classification number | 612 FOX |
| Edition number | 22 |
| 100 1# - Rafti | |
| Rafti | 611 |
| 101 ## - Shkurtesa | |
| Shkurtesa | 6 |
| 245 10 - TITLE STATEMENT | |
| Title | Human physiology / |
| Statement of responsibility, etc | Stuart Ira Fox. |
| 906 ## - LOCAL DATA ELEMENT F, LDF (RLIN) | |
| a | 7 |
| b | cbc |
| c | orignew |
| d | 1 |
| e | ecip |
| f | 20 |
| g | y-gencatlg |
| 942 ## - ADDED ENTRY ELEMENTS (KOHA) | |
| Source of classification or shelving scheme | |
| Item type | Books |
| Withdrawn status | Lost status | Source of classification or shelving scheme | Damaged status | Not for loan | Collection code | Permanent location | Current location | Shelving location | Date acquired | Total Checkouts | Full call number | Barcode | Date last seen | Price effective from | Koha item type |
|---|---|---|---|---|---|---|---|---|---|---|---|---|---|---|---|
| Koleksioni i përgjithshem | UBT - Lipjan | UBT - Lipjan | Koleksioni i përgjithshem | 02/05/2018 | 612 FOX | 002-2997167 | 02/05/2018 | 02/05/2018 | Books | ||||||
| Koleksioni i përgjithshem | UBT - Lipjan | UBT - Lipjan | Koleksioni i përgjithshem | 02/05/2018 | 612 FOX | 002-2997172 | 02/05/2018 | 02/05/2018 | Books | ||||||
| Koleksioni i përgjithshem | UBT - Lipjan | UBT - Lipjan | Koleksioni i përgjithshem | 02/05/2018 | 612 FOX | 002-2997177 | 02/05/2018 | 02/05/2018 | Books | ||||||
| Koleksioni i përgjithshem | UBT - Lipjan | UBT - Lipjan | Koleksioni i përgjithshem | 02/05/2018 | 612 FOX | 002-2997185 | 02/05/2018 | 02/05/2018 | Books | ||||||
| Koleksioni i përgjithshem | UBT - Lipjan | UBT - Lipjan | Koleksioni i përgjithshem | 02/05/2018 | 612 FOX | 002-2997190 | 02/05/2018 | 02/05/2018 | Books | ||||||
| Koleksioni i përgjithshem | UBT - Lipjan | UBT - Lipjan | Koleksioni i përgjithshem | 02/05/2018 | 612 FOX | 002-2997181 | 02/05/2018 | 02/05/2018 | Books | ||||||
| Koleksioni i përgjithshem | UBT - Lipjan | UBT - Lipjan | Koleksioni i përgjithshem | 02/05/2018 | 612 FOX | 002-2997186 | 02/05/2018 | 02/05/2018 | Books | ||||||
| Koleksioni i përgjithshem | UBT - Lipjan | UBT - Lipjan | Koleksioni i përgjithshem | 02/05/2018 | 612 FOX | 002-2997191 | 02/05/2018 | 02/05/2018 | Books | ||||||
| Koleksioni i përgjithshem | UBT - Lipjan | UBT - Lipjan | Koleksioni i përgjithshem | 02/05/2018 | 612 FOX | 002-2997195 | 02/05/2018 | 02/05/2018 | Books |